000 00380nam a2200133Ia 4500
008 220217s9999||||xx |||||||||||||| ||und||
020 _a81-265-0165-0
082 _a5.13
100 _aMaran Graphics
_93099
245 0 _aActive server pages 3 programming : a beginners guide
260 _aIDG books india
_bNew Delhi
_c2000
300 _b199
650 _aPROGRAMMING LANGUAGE
999 _c170825
_d170825